[Event "AUTO-OPEN-2298"]
[Site "http://www.queenalice.com/game.php?id=913242"]
[Date "2011.3.16"]
[Round "1"]
[White "attachui"]
[Black "carlesso"]
[Result "1-0"]
[WhiteElo "2125"]
[BlackElo "1779"]

1. d4 d5 2. c4 c6 3. Nf3 Nf6 4. Nc3 dxc4 5. e4 b5 6. a4 b4 7. Na2 Nxe4 8. Bxc4
e6 9. O-O Be7 10. Re1 Nf6 11. Bf4 O-O 12. Qb3 Nd5 13. Bg3 Nd7 14. Rac1 a5 15.
Ne5 Nxe5 16. dxe5 Ba6 17. Red1 Qb6 18. Bxa6 Qxa6 19. Qc4 Qxc4 20. Rxc4 c5 21.
Nc1 1-0

[Event "AUTO-OPEN-2298"]
[Site "http://www.queenalice.com/game.php?id=913243"]
[Date "2011.3.16"]
[Round "1"]
[White "carlesso"]
[Black "attachui"]
[Result "0-1"]
[WhiteElo "1781"]
[BlackElo "2123"]

1. d4 Nf6 2. Nf3 d5 3. c4 c6 4. cxd5 Nxd5 5. e4 Nf6 6. Nc3 e6 7. Bg5 Be7 8. Bd3
O-O 9. O-O Nfd7 10. Bxe7 Qxe7 11. e5 f6 12. Ne4 h6 13. Nh4 Qe8 14. Nd6 Qd8 15.
Ng6 fxe5 16. Nxf8 Nxf8 17. dxe5 Nbd7 18. Qh5 Nh7 19. Qf7+ Kh8 20. Ne8 Qg5 0-1

[Event "AUTO-OPEN-2298"]
[Site "http://www.queenalice.com/game.php?id=913274"]
[Date "2011.3.16"]
[Round "1"]
[White "carlesso"]
[Black "johndavidtelker"]
[Result "0-1"]
[WhiteElo "1876"]
[BlackElo "1747"]

1. d4 Nf6 2. Nf3 d5 3. c4 dxc4 4. e3 Bg4 5. Bxc4 e6 6. Nc3 Be7 7. h3 Bxf3 8.
Qxf3 c6 9. O-O O-O 10. Rd1 Qc7 11. e4 Re8 12. e5 Nd5 13. Bd3 Nd7 14. Ne4 c5 15.
Nc3 cxd4 0-1

[Event "AUTO-OPEN-2298"]
[Site "http://www.queenalice.com/game.php?id=913275"]
[Date "2011.3.16"]
[Round "1"]
[White "johndavidtelker"]
[Black "carlesso"]
[Result "1-0"]
[WhiteElo "1723"]
[BlackElo "1926"]

1. e4 c5 2. Nf3 Nc6 3. Bc4 e6 4. O-O g6 5. c3 Bg7 6. d4 cxd4 7. cxd4 d5 8. exd5
exd5 9. Bb5 Ne7 10. Re1 O-O 11. Nc3 a6 12. Ba4 Bg4 13. Bg5 Qd6 14. Bb3 Bxf3 15.
Qxf3 Nxd4 16. Qd3 Rfe8 17. Bxe7 1-0

[Event "AUTO-MASTER-1373"]
[Site "http://www.queenalice.com/game.php?id=916355"]
[Date "2011.3.23"]
[Round "1"]
[White "danbots5k"]
[Black "carlesso"]
[Result "1-0"]
[WhiteElo "2324"]
[BlackElo "1839"]

1. e4 c5 2. Nf3 Nc6 3. c3 d5 4. e5 Bf5 5. d3 e6 6. Be2 d4 7. O-O Nge7 8. c4 Ng6
9. Qa4 Qd7 10. a3 Ngxe5 11. Rd1 Bd6 12. Nxe5 Nxe5 13. Qb3 a6 14. h3 b5 15. Bf4
g5 16. Bxe5 1-0

[Event "AUTO-MASTER-1373"]
[Site "http://www.queenalice.com/game.php?id=916356"]
[Date "2011.3.23"]
[Round "1"]
[White "carlesso"]
[Black "danbots5k"]
[Result "0-1"]
[WhiteElo "1839"]
[BlackElo "2323"]

1. Nf3 d5 2. d4 Nc6 3. c4 Nf6 4. cxd5 Qxd5 5. Nc3 Qd8 6. e4 e6 7. Bb5 Bd7 8. Bg5
Be7 9. O-O O-O 10. Re1 h6 11. Bf4 a6 12. Ba4 Bb4 13. a3 Bxc3 14. bxc3 b5 15. Bc2
Ne8 16. Qd3 f6 0-1

[Event "AUTO-MASTER-1373"]
[Site "http://www.queenalice.com/game.php?id=916367"]
[Date "2011.3.23"]
[Round "1"]
[White "castel1341"]
[Black "carlesso"]
[Result "1-0"]
[WhiteElo "1955"]
[BlackElo "1777"]

1. d4 Nf6 2. c4 e6 3. Nc3 d5 4. g3 dxc4 5. Qa4+ Nbd7 6. Qxc4 c5 7. e3 Nb6 8. Qd3
cxd4 9. exd4 Nbd5 10. Bg2 Bb4 11. Ne2 O-O 12. O-O Qd6 13. a3 1-0

[Event "AUTO-MASTER-1373"]
[Site "http://www.queenalice.com/game.php?id=916368"]
[Date "2011.3.23"]
[Round "1"]
[White "carlesso"]
[Black "castel1341"]
[Result "0-1"]
[WhiteElo "1768"]
[BlackElo "1964"]

1. Nf3 Nf6 2. d4 e6 3. c4 d5 4. Nc3 Nbd7 5. Bg5 Bb4 6. cxd5 exd5 7. e3 O-O 8.
Bd3 h6 9. Bh4 c6 10. O-O Re8 11. Qc2 Qa5 12. a3 Bd6 13. b4 Qc7 0-1

[Event "AUTO-MASTER-1373"]
[Site "http://www.queenalice.com/game.php?id=916375"]
[Date "2011.3.23"]
[Round "1"]
[White "carlesso"]
[Black "cdyray"]
[Result "0-1"]
[WhiteElo "1797"]
[BlackElo "2078"]

1. Nf3 Nf6 2. d4 e6 3. c4 d5 4. Nc3 Bb4 5. cxd5 Nxd5 6. Qc2 O-O 7. e4 Nxc3 8.
bxc3 Be7 9. Bb2 b6 10. Bd3 h6 11. O-O Bb7 12. c4 c6 13. Rad1 Nd7 14. Rfe1 Re8
15. Qc3 Bf6 16. Bc2 e5 0-1

[Event "AUTO-MASTER-1373"]
[Site "http://www.queenalice.com/game.php?id=916376"]
[Date "2011.3.23"]
[Round "1"]
[White "cdyray"]
[Black "carlesso"]
[Result "1-0"]
[WhiteElo "2083"]
[BlackElo "1792"]

1. d4 d5 2. Nf3 Nf6 3. c4 e6 4. Nc3 Be7 5. g3 O-O 6. Bg2 dxc4 7. Ne5 c5 8. e3
Nbd7 9. Nxc4 Nb6 10. Nxb6 Qxb6 11. O-O Rd8 12. d5 exd5 13. Nxd5 Nxd5 14. Bxd5
Be6 15. e4 Bxd5 16. exd5 1-0

[Event "AUTO-ADV-2106"]
[Site "http://www.queenalice.com/game.php?id=916456"]
[Date "2011.3.23"]
[Round "1"]
[White "thw"]
[Black "carlesso"]
[Result "0-1"]
[WhiteElo "1776"]
[BlackElo "1851"]

1. e4 c5 2. Nf3 Nc6 3. d4 cxd4 4. Nxd4 Nf6 5. Nc3 d6 6. Be3 g6 7. Be2 Bg7 8. Qd2
Ng4 9. Bxg4 Bxg4 10. f3 Bd7 11. O-O-O O-O 12. Bh6 Bxd4 13. Bxf8 Kxf8 14. Nb5 Bg7
15. c3 Qa5 16. Na3 b5 17. Kb1 Be6 18. g4 b4 19. cxb4 Nxb4 0-1

[Event "AUTO-ADV-2106"]
[Site "http://www.queenalice.com/game.php?id=916457"]
[Date "2011.3.23"]
[Round "1"]
[White "carlesso"]
[Black "thw"]
[Result "1-0"]
[WhiteElo "1827"]
[BlackElo "1788"]

1. Nf3 d5 2. d4 Nf6 3. c4 e6 4. Nc3 c6 5. Bg5 Be7 6. e3 O-O 7. cxd5 exd5 8. Bd3
h6 9. Bh4 Bg4 10. Qc2 Nbd7 11. h3 Bxf3 12. gxf3 Re8 13. O-O-O c5 14. dxc5 Nxc5
15. Bb5 Rf8 16. Bxf6 Bxf6 17. Nxd5 Qb6 18. Nxb6 1-0

[Event "AUTO-ADV-2106"]
[Site "http://www.queenalice.com/game.php?id=916470"]
[Date "2011.3.23"]
[Round "1"]
[White "marno"]
[Black "carlesso"]
[Result "1-0"]
[WhiteElo "1950"]
[BlackElo "1760"]

1. e4 c5 2. Nc3 Nc6 3. Bb5 Nd4 4. Ba4 a6 5. d3 g6 6. Nf3 b5 7. Bb3 Bg7 8. a3
Nxb3 9. cxb3 Bb7 10. O-O Nf6 11. Be3 Rc8 12. h3 O-O 13. e5 Nd5 14. Re1 Nxe3 15.
Rxe3 Qc7 16. d4 Bxf3 17. Qxf3 cxd4 18. Nd5 Qd8 19. Re4 1-0

[Event "AUTO-ADV-2106"]
[Site "http://www.queenalice.com/game.php?id=916471"]
[Date "2011.3.23"]
[Round "1"]
[White "carlesso"]
[Black "marno"]
[Result "0-1"]
[WhiteElo "1869"]
[BlackElo "1956"]

1. Nf3 e6 2. d4 d5 3. c4 c6 4. Nc3 Nf6 5. Bg5 h6 6. Bxf6 Qxf6 7. e3 Nd7 8. Bd3
dxc4 9. Bxc4 g6 10. O-O Bg7 11. Qb3 O-O 12. Rac1 Nb6 13. Bd3 Qe7 14. Ne4 Nd5 15.
Nc5 b6 16. Ne4 Bb7 17. a3 f5 18. Nc3 Nxc3 19. bxc3 Kh7 0-1

[Event "AUTO-ADV-2106"]
[Site "http://www.queenalice.com/game.php?id=916480"]
[Date "2011.3.23"]
[Round "1"]
[White "carlesso"]
[Black "Aguinaldo"]
[Result "0-1"]
[WhiteElo "1826"]
[BlackElo "1920"]

1. Nf3 e6 2. d4 Nc6 3. e4 Bb4+ 4. Bd2 Qe7 5. Nc3 a6 6. a3 Ba5 7. Bd3 Qd6 8. e5
Qe7 9. O-O b5 10. b4 Bb6 11. d5 Nd8 12. Be4 Bb7 13. Bg5 f6 14. Bf4 f5 15. Bg5
Qf7 16. dxe6 dxe6 0-1

[Event "AUTO-ADV-2106"]
[Site "http://www.queenalice.com/game.php?id=916481"]
[Date "2011.3.23"]
[Round "1"]
[White "Aguinaldo"]
[Black "carlesso"]
[Result "1-0"]
[WhiteElo "1907"]
[BlackElo "1839"]

1. e4 e5 2. Nf3 Nc6 3. Bb5 a6 4. Bxc6 dxc6 5. d4 exd4 6. Qxd4 Qxd4 7. Nxd4 Bc5
8. c3 Nf6 9. f3 Ba7 10. Bg5 Nd7 11. Nf5 f6 12. Bd2 Ne5 13. Nxg7+ Kf7 14. Nh5
Nd3+ 15. Ke2 Nxb2 16. Na3 Bc5 17. Nc2 Nc4 18. Bf4 Bd6 19. Bxd6 cxd6 20. Rhd1 1-0

[Event "AUTO-MASTER-1374"]
[Site "http://www.queenalice.com/game.php?id=916732"]
[Date "2011.3.24"]
[Round "1"]
[White "carlesso"]
[Black "OrlandoRochaFilho"]
[Result "0-1"]
[WhiteElo "1814"]
[BlackElo "1795"]

1. Nf3 Nf6 2. d4 g6 3. c4 Bg7 4. Nc3 O-O 5. e4 d6 6. Be2 e5 7. O-O Nc6 8. d5 Ne7
9. b4 Nh5 10. Re1 f5 11. Ng5 Nf4 12. Bf1 h6 13. Nf3 g5 14. g3 Nfg6 15. Nd2 f4
16. c5 fxg3 17. fxg3 Bd7 18. Bg2 Qc8 0-1

[Event "AUTO-MASTER-1374"]
[Site "http://www.queenalice.com/game.php?id=916745"]
[Date "2011.3.24"]
[Round "1"]
[White "carlesso"]
[Black "alainbouley"]
[Result "0-1"]
[WhiteElo "1788"]
[BlackElo "2021"]

1. Nf3 d5 2. d4 Nf6 3. c4 c6 4. Nc3 dxc4 5. a4 Bf5 6. e3 e6 7. Bxc4 Bb4 8. O-O
O-O 9. Bd3 Bg4 10. h3 Bxf3 11. Qxf3 Qe7 12. e4 Nbd7 13. Bg5 Qe8 14. Rfe1 h6 15.
Bf4 e5 16. dxe5 Nxe5 17. Qe3 Nxd3 18. Qxd3 Rd8 19. Qf3 Qe7 20. e5 Nd7 0-1

[Event "AUTO-MASTER-1374"]
[Site "http://www.queenalice.com/game.php?id=916746"]
[Date "2011.3.24"]
[Round "1"]
[White "alainbouley"]
[Black "carlesso"]
[Result "1-0"]
[WhiteElo "2123"]
[BlackElo "1835"]

1. d4 Nf6 2. c4 g6 3. Nc3 Bg7 4. e4 d6 5. Nf3 O-O 6. Be2 e5 7. O-O Nc6 8. d5 Ne7
9. Ne1 Nd7 10. f3 f5 11. Nd3 f4 12. Bd2 h5 13. g4 1-0

[Event "AUTO-MASTER-1374"]
[Site "http://www.queenalice.com/game.php?id=916747"]
[Date "2011.3.24"]
[Round "1"]
[White "carlesso"]
[Black "carlosfed"]
[Result "0-1"]
[WhiteElo "1752"]
[BlackElo "1904"]

1. Nf3 g6 2. d4 Bg7 3. e4 d5 4. exd5 Qxd5 5. Nc3 Qd8 6. Bc4 Nf6 7. O-O O-O 8.
Re1 Bg4 9. h3 Bxf3 10. Qxf3 c6 11. Be3 Nbd7 12. Rad1 Nb6 13. Bb3 Nbd5 14. Bg5
Qd6 15. Nxd5 cxd5 16. Bxf6 Bxf6 0-1

[Event "AUTO-MASTER-1374"]
[Site "http://www.queenalice.com/game.php?id=916748"]
[Date "2011.3.24"]
[Round "1"]
[White "carlosfed"]
[Black "carlesso"]
[Result "1-0"]
[WhiteElo "1914"]
[BlackElo "1742"]

1. e4 c5 2. c4 Nc6 3. Nf3 d6 4. Nc3 Bg4 5. Be2 g6 6. Nd5 e6 7. Nc3 Bg7 8. d3 Nd4
9. Nxd4 cxd4 10. Nb5 Bxe2 11. Qxe2 a6 12. Na3 Ne7 13. Bg5 O-O 14. Nc2 Qc7 15.
O-O Nc6 16. Qd2 Rfc8 17. Bh6 1-0